000 00341nam a2200109Ia 4500
008 171211s9999 xx 000 0 und d
245 _aHTML, XHTML, and CSS: Introductory, 6th edition
245 _cDenise M Woods and Gary B. Shelly
260 _c2010
650 _xWeb Development
856 _uhttp://down.ebook777.com/014/978-0538747462.pdf
999 _c350062
_d350062